OPAC Home

බුදුගුණ අලංකාර ප්‍රදීපය (Record no. 75929)

MARC details
000 -LEADER
fixed length control field 00591nam a2200205Ia 4500
003 - CONTROL NUMBER IDENTIFIER
control field LK-CoDNM
005 - DATE AND TIME OF LATEST TRANSACTION
control field 20241217120528.0
008 - FIXED-LENGTH DATA ELEMENTS--GENERAL INFORMATION
fixed length control field 121120t1961 xxu||||| |||| 00| 0 sin d
040 ## - CATALOGING SOURCE
Original cataloging agency LK-CoDNM
Modifying agency LK-CoDNM
Description conventions LK-CoDNM
041 ## - LANGUAGE CODE
Language code of text/sound track or separate title Sinhala; Sinhalese
080 ## - UNIVERSAL DECIMAL CLASSIFICATION NUMBER
Universal Decimal Classification number 8S1-14/15
Item number MAI
942 ## - ADDED ENTRY ELEMENTS (KOHA)
Koha item type Books
100 ## - MAIN ENTRY--PERSONAL NAME
Personal name Thennakon
245 ## - TITLE STATEMENT
Title බුදුගුණ අලංකාර ප්‍රදීපය
246 ## - VARYING FORM OF TITLE
Title proper/short title Budhuguna Alankara Pradeepaya
260 ## - PUBLICATION, DISTRIBUTION, ETC. (IMPRINT)
Name of publisher, distributor, etc. Sri Lanka Prakashaka Samagama
Place of publication, distribution, etc. Colombo
Date of publication, distribution, etc. 1961
300 ## - PHYSICAL DESCRIPTION
Other physical details 549p. ; 18 cm
650 ## - SUBJECT ADDED ENTRY--TOPICAL TERM
Topical term or geographic name as entry element 1961
650 ## - SUBJECT ADDED ENTRY--TOPICAL TERM
Topical term or geographic name as entry element පුරාතන පද්‍ය
Holdings
Withdrawn status Lost status Damaged status Not for loan Collection code Permanent Location Current Location Shelving location Date acquired Full call number Barcode Koha item type
    Damaged   Poems Library National Museum Colombo - Sri Lanka Library National Museum Colombo - Sri Lanka Reference 2024-12-16 8S1-14/15 MAI OK396 Books
Copyright © 2023 Department of National Museum, Colombo 07, Sri Lanka Funded by UNESCO IFAP UNESCO